[Event "NOR-ch Clubs 2017"]
[Site "Kristiansund"]
[Date "2017.10.21"]
[Round "2"]
[White "Tofte, Sondre Waage"]
[Black "Myhre, Mads Wollan"]
[Result "1-0"]
[WhiteElo "2169"]
[BlackElo "1646"]
[Annotator "TA"]
[PlyCount "51"]
[EventDate "2017.??.??"]
[EventType "team-tourn"]
[EventCountry "NOR"]
[SourceTitle "playchess.com"]
[Source "ChessBase"]
[SourceQuality "1"]

{[%evp 16,51,26,30,54,35,112,102,318,315,331,306,339,320,265,158,175,164,355,248,329,300,527,514,727,712,835,801,937,926,898,887,2053,5561,5573,5573,29994,29995]} 1. e4 {[%cal Be2e4,Be4e5][%mdl 32]} e6 2. d4 d5 3. Nd2 Nf6 4. e5 Nfd7 5. Bd3 c5 6. c3 Nc6 7. Ne2 Be7 8. O-O O-O 9. f4 {LiveBook: 3 Games} b6 {C06: French Tarrasch: 3...Nf6 4 e5 Nfd7 5 Bd3 main lines} 10. Nf3 Qc7 $146 {[#]} (10... f5 $14) ({Predecessor:} 10... cxd4 11. cxd4 Nb4 12. Bb1 Ba6 13. a3 Nc6 14. f5 exf5 15. Bxf5 g6 16. Bh3 f5 17. Rf2 Bxe2 18. Qxe2 {1-0 (34) Bashirli,N (2381)-Safargaliyev,T (1963) Sochi 2016}) 11. f5 $1 $16 {[%cal Rf5e6]} Re8 $2 (11... exf5 $16 {was necessary.} 12. Nf4 Ndb8) 12. fxe6 $18 fxe6 13. Ng5 Bxg5 14. Bxg5 Nf8 15. Be3 (15. Qe1 $18) 15... Ne7 16. Nf4 g6 $2 (16... Nf5) 17. Qg4 Kh8 18. Nh5 gxh5 $2 (18... Nf5 {was worth a try.}) 19. Qxh5 Nf5 {next ...Ba6 is good for Black.} 20. Qxe8 {[%cal Re8f8]} Bb7 21. Qh5 Qg7 22. Bxf5 exf5 23. Rxf5 Ng6 24. Raf1 Ba6 25. Rf7 Qg8 {[#]} 26. Bg5 $1 {Precision: White = 84%, Black = 27%.} 1-0

[Event "NOR-ch Clubs 2017"]
[Site "Kristiansund"]
[Date "2017.10.21"]
[Round "2"]
[White "Lobersli, Henrik Oie"]
[Black "Nesse, David"]
[Result "1-0"]
[WhiteElo "2047"]
[BlackElo "1700"]
[Annotator "NA RC"]
[PlyCount "91"]
[EventDate "2017.??.??"]
[EventType "team-tourn"]
[EventCountry "NOR"]
[SourceTitle "playchess.com"]
[Source "ChessBase"]
[SourceQuality "1"]
[TimeControl "40/5400:1800"]

{[%evp 8,86,21,6,33,-2,-7,7,0,-41,54,-22,-21,-25,-21,-33,-21,-16,-12,-65,-48,-41,0,10,23,32767,77,32767,32767,32767,32767,34,141,39,1172,136,152,158,166,32767,32767,32767,32767,32767,366,377,472,514,651,32767,368,357,382,351,610,655,686,592,529,608,677,32767,32767,32767,915,1076,954,1140,1118,1689,32767,32767,32767,32767,1085,3015,29988,29989,29989,29990,29996]} 1. d4 {[%emt 0:00:05]} g6 {[%emt 0:00:13]} 2. Bf4 {[%emt 0:02:26]} Bg7 {[%emt 0:00:48]} 3. Nc3 {[%emt 0:01:17]} c5 {[%emt 0:02:13]} 4. e3 {[%emt 0:03:22]} cxd4 {[%emt 0:04:21]} 5. exd4 {[%emt 0:00:08]} Qb6 {[%emt 0:01:05]} 6. Nb5 {[%emt 0:09:50]} d6 {[%emt 0:01:29]} 7. Qe2 {[%emt 0:16:33]} Be6 {[%emt 0:15:32]} 8. c3 {[%emt 0:03:55]} (8. Be3 $5 {[%cal Rd4d5]} Qd8 9. Nf3 $11) 8... a6 {[%emt 0:09:18]} ({Black should try} 8... Nf6 $15) 9. Na3 {[%emt 0:14:18]} (9. Nxd6+ $16 exd6 10. d5) 9... Nf6 {[%emt 0:14:25]} 10. Nf3 {[%emt 0:02:15]} O-O {[%emt 0:01:37]} 11. g3 {[%emt 0:02:05]} Nc6 {[%emt 0:02:15]} 12. Bg2 {[%emt 0:01:01]} Nd5 {[%emt 0:03:22]} 13. Be3 {[%emt 0:01:30]} ({Better is} 13. Bc1 $11) 13... Nxe3 {[%emt 0:05:23]} 14. fxe3 {[%emt 0:00:07]} d5 {[%emt 0:00:26]} 15. Ng5 {[%emt 0:03:42]} Bf5 {[%emt 0:08:12]} 16. Bxd5 {[%emt 0:11:10]} Bh6 {[%emt 0:02:16]} 17. h4 {[%emt 0:04:09]} e6 {[%emt 0:00:33]} 18. Bb3 {[%emt 0:00:50]} Na5 {[%emt 0:01:15]} 19. Nc4 {[%emt 0:03:55]} (19. e4 $16) 19... Qc6 {[%emt 0:00:56] [#]} (19... Nxc4 $14 20. Bxc4 Rae8) 20. O-O-O {[%emt 0:01:56]} ({Der einzige Zug:} 20. d5 $1 $18 {[%cal Rd5c6]} exd5 21. Nxa5) 20... Nxb3+ $4 {[%emt 0:01:15]} (20... Qb5 $11) 21. axb3 {[%emt 0:00:01]} Bxg5 {[%emt 0:00:55]} 22. hxg5 {[%emt 0:00:02]} Qe4 {[%emt 0:00:16]} 23. Rh4 {[%emt 0:02:27]} Qb1+ {[%emt 0:01:09]} 24. Kd2 Qc2+ {[%emt 0:00:03]} 25. Ke1 {[%emt 0:00:01]} Qxb3 $2 {[%emt 0:00:31]} (25... h6 {keeps fighting.}) 26. e4 {[%emt 0:00:10]} b5 {[%emt 0:00:58]} 27. Ne5 {[%emt 0:00:02]} ({Not} 27. exf5 Qxc4 28. fxg6 fxg6 $11) 27... b4 {[%emt 0:00:52]} 28. Rc1 {[%emt 0:00:39]} bxc3 {[%emt 0:01:16]} 29. bxc3 {[%emt 0:00:19]} Qa3 {[%emt 0:00:32]} 30. Qd2 {[%emt 0:00:10]} Rab8 {[%emt 0:01:00]} (30... f6 $142) 31. Nd7 {[%emt 0:00:01]} Rfd8 {[%emt 0:01:00]} 32. Nxb8 {[%emt 0:00:07]} ({Weaker is} 32. exf5 Rxd7 33. fxe6 fxe6 $15) 32... Rxb8 {[%emt 0:00:04]} 33. exf5 {[%emt 0:00:18]} exf5 {[%emt 0:00:13]} 34. Rh2 {[%emt 0:00:08]} Qd6 {[%emt 0:00:13]} 35. Qf4 {[%emt 0:00:12]} Qe6+ {[%emt 0:00:21]} 36. Re2 {[%emt 0:00:02]} Qb3 {[%emt 0:00:10]} 37. Kf2 {[%emt 0:00:05]} Rc8 {[%emt 0:00:20]} 38. Rce1 {[%emt 0:00:14]} Qb5 {[%emt 0:00:18]} 39. Re3 {[%emt 0:00:08]} a5 {[%emt 0:00:14]} 40. Qe5 {[%emt 0:00:07]} Qb2+ {[%emt 0:30:52]} 41. R1e2 {[%emt 0:30:09]} Qa1 {[%emt 0:00:35]} 42. Qb5 {[%emt 0:00:00]} Rf8 {[%emt 0:00:00]} 43. Re8 {[%emt 0:00:00]} Qh1 {[%emt 0:00:00]} 44. Rxf8+ {[%emt 0:00:00]} Kg7 {[%emt 0:00:00]} 45. Qe5+ {[%emt 0:00:00]} Kxf8 {[%emt 0:00:00]} 46. Qh8# 1-0

[Event "NOR-ch Clubs 2017"]
[Site "Kristiansund"]
[Date "2017.10.21"]
[Round "2"]
[White "Nakken, Roar E"]
[Black "Tryggestad, Andreas Garberg"]
[Result "0-1"]
[WhiteElo "1974"]
[BlackElo "2250"]
[Annotator "TA"]
[PlyCount "54"]
[EventDate "2017.??.??"]
[EventType "team-tourn"]
[EventCountry "NOR"]
[SourceTitle "playchess.com"]
[Source "ChessBase"]
[SourceQuality "1"]

{[%evp 20,54,35,0,0,-16,0,-43,0,-16,5,14,5,0,8,0,58,18,95,87,140,105,105,121,135,90,122,111,246,234,249,97,91,0,27,27,75]} 1. e4 c5 2. Nf3 {[%cal Bg1f3,Bf3d4,Bd4b5,Bb5a3,Ba3c2][%mdl 32]} e6 3. d4 cxd4 4. Nxd4 Nc6 5. Nb5 d6 6. c4 Nf6 7. N1c3 a6 8. Na3 Be7 9. Be2 O-O 10. O-O b6 11. Nc2 Bb7 {B44: Sicilian: Taimanov: 5 Nb5} 12. Ne3 Qc7 13. Bd2 Rac8 $146 {Black is slightly better.} ({Predecessor:} 13... Rfd8 14. Rc1 Nd4 15. Bd3 Rac8 16. Re1 Qb8 17. a4 Bf8 18. Bb1 Qa8 19. f3 {1-0 (35) Granda Zuniga,J (2644)-Miguel,G (2164) Florianopolis 2017}) 14. Rc1 Nd4 15. Bd3 Nd7 16. f3 {[%cal Bf2f3,Bf3f4][%mdl 32]} Ne5 17. Bb1 Bf6 (17... b5 $11) 18. Kh1 Rfd8 (18... Qb8 $11) 19. b3 $16 Qb8 (19... Rf8 $142) 20. Be1 Ndc6 {[#]} 21. f4 $1 Ng6 22. h4 {[%cal Bh2h4,Bh4h5][%mdl 32]} b5 (22... Nxh4 $6 23. f5 $11) 23. h5 Nf8 (23... Nxf4 $16 {keeps fighting.} 24. Rxf4 Bg5) 24. Ng4 $18 ({Weaker is} 24. cxb5 axb5 25. Ng4 (25. Nxb5 Ba6 $11) 25... Be7 $14) 24... Be7 {[#]} 25. cxb5 $2 (25. Nd5 $1 $18 {[%mdl 512]}) 25... axb5 $16 26. a3 ({Reject} 26. Nxb5 $6 Ba6 $11) (26. h6 $16) 26... b4 27. axb4 {Threatens to win with b5.} Nxb4 {[%mdl 32768] Precision: White = 53%, Black = 20%. . Loss on Time!?} 0-1

[Event "NOR-ch Clubs 2017"]
[Site "Kristiansund"]
[Date "2017.10.21"]
[Round "2"]
[White "Simensen, Vegard"]
[Black "Shehzad, Alisha"]
[Result "1-0"]
[WhiteElo "1969"]
[BlackElo "1533"]
[Annotator "NA RC"]
[PlyCount "73"]
[EventDate "2017.??.??"]
[EventType "team-tourn"]
[EventCountry "NOR"]
[SourceTitle "playchess.com"]
[Source "ChessBase"]
[SourceQuality "1"]
[TimeControl "40/5400:1800"]

{[%evp 8,55,44,28,45,9,3,14,27,25,16,17,22,11,26,0,22,0,15,37,22,29,33,14,0,2,0,8,-9,-1,29,32767,32767,32767,32767,32767,32767,95,123,96,81,32767,543,597,32767,815,689,32767,875,400]} 1. d4 {[%emt 0:00:19]} d5 {[%emt 0:00:05]} 2. Nf3 {[%emt 0:00:49]} Nf6 {[%emt 0:00:11]} 3. c4 {[%emt 0:01:22]} c6 {[%emt 0:00:14]} 4. Nc3 {[%emt 0:02:57]} h6 {[%emt 0:02:06]} 5. e3 {[%emt 0:02:32]} e6 {[%emt 0:00:38] D15: Slav Defence: 4 Nc3 a6 and gambit lines after 4 Nc3 dxc4} 6. Qc2 {[%emt 0:03:00]} Nbd7 {[%emt 0:00:49] LiveBook: 19 Games} 7. Bd3 {[%emt 0:02:48]} dxc4 {[%emt 0:00:37]} 8. Bxc4 {[%emt 0:00:20]} b5 {[%emt 0:00:26]} 9. Bd3 {[%emt 0:03:03]} Bb7 {[%emt 0:00:38]} 10. O-O {[%emt 0:01:24]} a6 {[%emt 0:01:17]} 11. Ne4 $146 {[%emt 0:08:59]} ({Predecessor:} 11. e4 c5 12. d5 c4 13. Be2 exd5 14. e5 {0-1 (26) Rohde,M (2506)-Ehlvest,J (2631) Philadelphia 2004}) 11... Rc8 {[%emt 0:08:03]} 12. Rd1 {[%emt 0:13:13]} Nxe4 {[%emt 0:09:44]} 13. Bxe4 {[%emt 0:00:48]} Nf6 {[%emt 0:02:53]} 14. Bd3 {[%emt 0:02:25]} Qb6 {[%emt 0:06:57]} 15. Qe2 {[%emt 0:09:14]} c5 {[%emt 0:07:02]} 16. a4 {[%emt 0:05:43]} c4 {[%emt 0:05:32]} 17. Bc2 {[%emt 0:00:56]} Be7 {[%emt 0:08:17]} 18. Ne5 {[%emt 0:04:06]} h5 {[%emt 0:17:40]} 19. axb5 {[%emt 0:03:12]} axb5 {[%emt 0:00:32]} 20. Bd2 {[%emt 0:01:36]} h4 {[%emt 0:02:28]} 21. h3 {[%emt 0:02:09]} Ba8 {[%emt 0:05:05]} 22. f3 {[%emt 0:06:22]} Nh5 {[%emt 0:00:44]} 23. Be1 {[%emt 0:01:11]} Ng3 {[%emt 0:03:16]} 24. Qd2 {[%emt 0:01:24]} b4 $2 {[%emt 0:01:17]} (24... Nf5 $16 {is tougher.}) 25. Ba4+ {[%emt 0:01:36]} Bc6 {[%emt 0:01:35]} 26. Bxc6+ {[%emt 0:01:41]} Rxc6 {[%emt 0:00:03]} 27. Ra8+ {[%emt 0:00:35]} Bd8 {[%emt 0:00:37]} 28. Nxc6 $18 {[%emt 0:00:44]} Qxc6 {[%emt 0:00:07]} 29. Rda1 {[%emt 0:01:00]} Qb7 {[%emt 0:00:24]} 30. Qxb4 {[%emt 0:00:35]} Qxb4 31. Bxb4 {[%emt 0:00:08]} Kd7 {[%emt 0:00:11]} 32. R1a7+ {[%emt 0:00:38]} Kc6 33. Ba5 {[%emt 0:00:34]} Rh6 {[%emt 0:00:24]} 34. Rxd8 {[%emt 0:00:15]} Rg6 {[%emt 0:00:00]} 35. Rc7+ {[%emt 0:00:33]} Kb5 {[%emt 0:00:02]} 36. Rb8+ {[%emt 0:00:00]} Kxa5 {[%emt 0:00:02]} 37. Ra7# {[%emt 0:00:41]} 1-0

[Event "NOR-ch Clubs 2017"]
[Site "Kristiansund"]
[Date "2017.10.21"]
[Round "2"]
[White "Kallset, Eirik V"]
[Black "Romanov, Evgeny"]
[Result "0-1"]
[WhiteElo "1888"]
[BlackElo "2626"]
[Annotator "TA"]
[PlyCount "82"]
[EventDate "2017.??.??"]
[EventType "team-tourn"]
[EventCountry "NOR"]
[SourceTitle "playchess.com"]
[Source "ChessBase"]
[SourceQuality "1"]

{[%evp 13,82,25,16,28,29,0,0,-37,-13,-12,6,-54,-47,-50,-56,-46,-35,-59,-57,-41,-28,-41,-35,-46,-48,-50,-46,-60,-52,-35,-28,-58,-50,-43,10,0,25,28,20,8,50,0,22,25,20,0,22,18,45,12,53,0,0,-47,-59,-124,-144,-259,-84,-281,-128,-687,-679,-779,-740,-1467,-1455,-29991,-29992,-29992,-29993]} 1. e4 e5 2. Nf3 Nc6 3. Bb5 a6 4. Ba4 Nf6 5. d3 d6 6. c3 g6 7. Bg5 h6 {LiveBook: 18 Partien. C77: Spanische Partie (Anderssen-Variante)} (7... Bg7 8. Nbd2 O-O 9. O-O h6 10. Bh4 Qe8 11. Re1 Bd7 12. Bb3 Nh5 13. Nf1 Kh8 14. Ne3 f5 15. exf5 gxf5 {½-½ (25) Morozevich,A (2676)-Banusz,T (2608) Ruma 2017}) 8. Be3 Bg7 9. Nbd2 Ng4 {Die Stellung ist ausgeglichen.} 10. d4 $146 ({Vorgänger:} 10. Nf1 Nxe3 11. Nxe3 Bd7 12. g4 b5 13. Bc2 Qc8 14. Rg1 b4 15. c4 {0-1 (35) Huber,M (1783)-Figura,A (2072) GER email 2010}) 10... Nxe3 11. fxe3 b5 12. d5 ({Günstiger ist} 12. Bc2 $11) 12... Ne7 13. Bb3 O-O 14. O-O h5 15. c4 Bh6 16. Qe2 bxc4 17. Nxc4 a5 18. Ba4 Ba6 19. Rac1 f5 20. Qd3 fxe4 21. Qxe4 Bb7 22. Rfd1 Kh7 23. Rc3 Bc8 ({Lieber} 23... Bxd5 $15 24. Rxd5 Nxd5 25. Qxd5 e4) 24. Qc2 $11 Bg4 (24... Nf5 {feels hotter.} 25. Bb5 Qe7 26. Nfd2 Bb7 27. Qd3 Qf7) 25. e4 Bxf3 26. gxf3 Rf7 27. Na3 Ng8 28. Nb5 {[%cal Rb5c7]} Rc8 29. Na7 Rb8 30. Kh1 Qf6 31. Rf1 Qg7 32. Nc6 (32. Nb5 $14) 32... Ra8 33. Qb3 Nf6 {Weiss muss nun ...Sxe4! beachten.} 34. Qb7 (34. Qc2 $15) 34... Raf8 $17 35. Bc2 {[#]} (35. Rg1 $17) 35... h4 $2 (35... Ng4 $1 $19 {[%mdl 512] ist viel giftiger. Und weiter mit ...Se3 wäre nett.} 36. Qa7 (36. fxg4 Rxf1+) 36... Bd2) 36. Ra3 $2 (36. Qa7 $17 {ist wohl besser.}) 36... Nh5 (36... g5 $19 {und Schwarz behält klar die Oberhand. zielt auf ...g4 ab.} 37. Qb5 (37. Rxa5 g4 $19) 37... g4) 37. Nxa5 $2 {[%mdl 8192]} (37. Qb5 $17 Bd2 38. Rb3) 37... Bd2 $19 38. Nc4 {[#]} Qh6 $1 39. Rd3 {[#]} Ng3+ $1 {[%mdl 512]} 40. Kg2 (40. hxg3 hxg3+) 40... h3+ 41. Kg1 Qg5 {Precision: Weiß = 30%, Schwarz = 56%.} 0-1

[Event "NOR-ch Clubs 2017"]
[Site "Kristiansund"]
[Date "2017.10.21"]
[Round "2"]
[White "Shehzad, Shazil"]
[Black "Nyland, Thomas"]
[Result "1/2-1/2"]
[WhiteElo "1775"]
[BlackElo "2152"]
[Annotator "TA"]
[PlyCount "120"]
[EventDate "2017.??.??"]
[EventType "team-tourn"]
[EventCountry "NOR"]
[SourceTitle "playchess.com"]
[Source "ChessBase"]
[SourceQuality "1"]

{[%evp 22,120,104,84,137,95,100,97,125,99,94,33,33,0,8,-2,-12,-11,-13,-15,-8,-17,-8,-26,-12,-18,-14,-61,-18,-18,-19,-17,0,0,0,-3,-4,-12,-12,-12,-12,-12,-12,-12,-8,-8,-24,-29,0,0,0,0,0,0,0,0,0,0,0,0,0,0,0,0,0,0,0,0,0,0,0,0,0,0,0,0,0,0,0,0,0,0,0,0,0,0,0,0,0,0,0,0,0,0,0,0,0,0,0,0,0]} 1. e4 c5 2. Nc3 Nc6 3. Bb5 Nd4 4. Bc4 g6 5. Nf3 Bg7 6. Nxd4 cxd4 7. Qf3 e6 8. Nb5 Be5 {B23: Closed Sicilian: Lines without g3} (8... d6 9. Qa3 Ke7 10. c3 dxc3 11. dxc3 a6 12. Nd4 e5 13. Nc2 Be6 14. Qb3 Qc7 15. Bd5 Bxd5 16. Qxd5 Qc6 17. Qd3 h6 18. Nb4 Qe8 19. Nd5+ {1-0 (19) Hou,Y (2673)-Cramling,P (2518) Beijing 2014}) 9. c3 dxc3 10. d4 a6 11. dxe5 axb5 12. Bb3 {LiveBook: 8 Games} Qc7 (12... cxb2 $142 13. Bxb2 Ne7) 13. Qxc3 Qxc3+ 14. bxc3 f6 15. exf6 $146 ({Predecessor:} 15. f4 f5 16. exf5 gxf5 {½-½ (28) Somerfield,A-Shephard,C (2165) England 2013}) 15... Nxf6 16. e5 (16. f3 $16) 16... Ne4 $14 17. Bb2 Nc5 {[#] And now ...Nd3+ would win.} 18. Ke2 b6 19. Rhd1 Bb7 20. f3 Rf8 21. Rd6 Bc6 22. c4 bxc4 23. Bxc4 Rf4 24. Bd3 Rfa4 (24... Rb4 {feels hotter.} 25. Bc3 Rh4 26. h3 Nxd3 27. Kxd3 Ra3) 25. a3 Nxd3 26. Kxd3 R8a5 27. Rd4 Bb5+ 28. Ke3 Bc4 29. Rh4 Rb5 30. Bc3 Rb3 31. Kd2 h5 32. Bb4 Rbxb4 33. axb4 Rxa1 34. Rxc4 $11 {[%mdl 4096] Endgame KR-KR} Rg1 35. g3 {The position is equal.} Rg2+ 36. Ke3 Rxh2 37. Rc8+ $1 Ke7 38. Rb8 Rg2 39. Kf4 {[#]} g5+ $1 {[%mdl 512]} 40. Kxg5 Rxg3+ 41. Kf4 Rg1 (41... Rg7 {seems wilder.} 42. Rxb6 h4 43. Ra6 h3 44. Ra2 Rg2) 42. Rxb6 Rg8 43. Rd6 h4 44. Rd1 Rb8 45. Rd4 Rf8+ 46. Kg4 h3 {Strongly threatening ...h2.} 47. Rd2 Rh8 48. Rh2 Rb8 49. Rxh3 Rxb4+ 50. f4 Rb1 51. Rh7+ Kd8 52. Kg5 Rg1+ 53. Kf6 Rg4 54. f5 Rf4 55. Rh5 Kc7 56. Kg6 {Hoping for f6.} exf5 57. Rxf5 Re4 58. Kf6 Kc6 59. Rf1 d5 60. exd6 Kxd6 {Precision: White = 72%, Black = 67%.} 1/2-1/2

[Event "NOR-ch Clubs 2017"]
[Site "Kristiansund"]
[Date "2017.10.21"]
[Round "2"]
[White "Halse, Iver"]
[Black "Kolas, Tore"]
[Result "0-1"]
[WhiteElo "1651"]
[BlackElo "2168"]
[Annotator "TA"]
[PlyCount "78"]
[EventDate "2017.??.??"]
[EventType "team-tourn"]
[EventCountry "NOR"]
[SourceTitle "playchess.com"]
[Source "ChessBase"]
[SourceQuality "1"]

{[%evp 11,78,-18,7,-37,-33,-30,-29,-43,-23,-29,8,15,8,-41,-34,-30,-7,-3,56,0,0,-6,-9,-6,0,-43,-20,-37,-24,-27,0,-36,52,14,28,-4,-21,-28,10,0,22,-10,138,0,282,-60,-69,-103,-60,-145,-139,-156,-150,-156,-171,-154,-7,-7,-7,-15,-10,-56,-63,-1282,-1242,-29989,-29990,-29991,-29992]} 1. e4 c5 2. Nc3 Nc6 3. f4 g6 4. Nf3 Bg7 5. Bb5 Nd4 6. Bd3 d6 7. h3 {B23: Closed Sicilian: Lines without g3} (7. Nxd4 cxd4 8. Ne2 Nf6 9. O-O O-O 10. c3 dxc3 11. Nxc3 d5 12. e5 Ne4 13. Qe2 Nc5 14. b3 f6 15. Bc2 fxe5 16. fxe5 Rxf1+ 17. Kxf1 {0-1 (50) Paehtz,E (2485)-Hou,Y (2673) Beijing 2014}) 7... e6 8. b3 $146 ({Predecessor:} 8. O-O Ne7 9. Ne2 Nxf3+ 10. Rxf3 O-O 11. c3 f5 12. Ng3 b6 13. Rf1 Bb7 14. Qe2 d5 {0-1 (39) Lassahn,H (1973)-Kolbus,D (2303) Reil an der Mosel 2016}) 8... a6 9. a4 {Black has an edge.} Rb8 10. Bb2 b5 11. axb5 axb5 12. O-O c4 13. Be2 $1 Nxe2+ (13... cxb3 {seems wilder.} 14. cxb3 Ne7 15. Nxd4 Bxd4+ 16. Kh2 b4) 14. Qxe2 Ne7 (14... cxb3 $1 $11 15. cxb3 Ne7) 15. Nd1 (15. bxc4 $14 bxc4 16. Ba3) 15... Bxb2 $11 16. Nxb2 cxb3 17. cxb3 O-O 18. d4 Bb7 19. Nd3 Qb6 20. Kh2 Ra8 21. Nf2 Nc6 (21... Rae8 $15) 22. Qd2 f5 23. exf5 exf5 24. Rxa8 Rxa8 25. Qe3 Qd8 26. Qe6+ (26. Re1 $5 {[%cal Re3e6]} Qd7 27. Nd3 $11) 26... Kg7 (26... Kf8 $1 $11) 27. Ng5 (27. Re1 $1 $16) 27... Qf6 $2 {[%mdl 8192]} (27... Qe7 $11 {and Black has nothing to worry.}) 28. Qd7+ $2 (28. d5 $18 Ne5 29. fxe5 Qxe5+ 30. Kg1 Qxe6 31. Nxe6+ Kg8 32. Nc7) 28... Qe7 $15 29. Ne6+ Kf6 30. Qxe7+ (30. Qc7 $1 $15) 30... Nxe7 $17 31. Nc7 Ra2 32. Nxb5 Nd5 33. Nxd6 {[#]} Ba8 (33... Ba6 $1 $17 {[%cal Ra6f1]} 34. Nc4 {[#]} Ne3 $1 {[%mdl 512]} 35. Nxe3 Bxf1) 34. Nd3 $11 Rd2 {White must now prevent ...Ne3.} 35. Nc5 Ne3 36. Rg1 (36. Re1 $5 {[%cal Re1e3]} Rxg2+ 37. Kh1 $15) 36... Nxg2 37. Nde4+ $2 {[%mdl 8192]} (37. Kg3 $15) 37... fxe4 $19 {[%cal Bf5e4,Be4e3,Be3d2][%mdl 32]} 38. Rxg2 e3 39. Rxd2 exd2 {Precision: White = 29%, Black = 32%.} 0-1

[Event "NOR-ch Clubs 2017"]
[Site "Kristiansund"]
[Date "2017.10.21"]
[Round "2"]
[White "Strand, Amund Pihl"]
[Black "Berg-Jensen, Joachim"]
[Result "0-1"]
[WhiteElo "1574"]
[BlackElo "2175"]
[Annotator "TA"]
[PlyCount "86"]
[EventDate "2017.??.??"]
[EventType "team-tourn"]
[EventCountry "NOR"]
[SourceTitle "playchess.com"]
[Source "ChessBase"]
[SourceQuality "1"]

{[%evp 9,86,51,48,21,31,-7,10,-23,-37,-23,-22,-51,-32,-32,-21,-88,-75,-83,-37,-51,-43,-51,-41,-91,-69,-66,-68,-87,-68,-106,-93,-112,-120,-156,-124,-187,-197,-187,-152,-139,-134,-125,-109,-120,-110,-137,-151,-308,-238,-213,-213,-212,-229,-226,-220,-210,-223,-231,-206,-404,-410,-399,-396,-620,-457,-454,0,0,0,0,0,0,0,-8,-8,-8,-8,-29988,-16]} 1. d4 d5 2. Bf4 e6 3. Nf3 Bd6 4. Bg3 f5 5. e3 Nf6 {LiveBook: 7 Partien} 6. Nbd2 {D02: Damenbauernspiele} O-O 7. Ne5 (7. Bd3 Ne4 8. Bxd6 Qxd6 9. Ne5 Nxd2 10. Qxd2 c5 11. c3 Nc6 12. f4 Nxe5 13. fxe5 {1-0 (26) Mitkov,N (2565)-Huerta,D (2338) Merida 2006}) 7... Nbd7 8. f4 {Die Stellung ist ausgeglichen.} c5 9. c3 Ne4 $146 ({Vorgänger:} 9... Qb6 10. Qb3 Qxb3 11. axb3 cxd4 12. exd4 Ne4 {1-0 (24) Zuluaga,C (2344)-Sequeda Ramirez,P (2105) Bucaramanga 2014}) 10. Ndf3 Ndf6 11. Bh4 Qa5 12. Bxf6 (12. Bd3 $11 {bleibt in der Remisbreite.}) 12... gxf6 $17 13. Nd3 cxd4 14. exd4 Qc7 15. g3 Bd7 $36 {[%mdl 2048] Schwarz kämpft um Vorteil.} 16. Bg2 b5 17. O-O a5 18. Rc1 Qb6 19. Re1 Rac8 20. Nf2 b4 21. Nxe4 dxe4 22. Nh4 {[#]} (22. Nd2 $17 {kämpft weiter.}) 22... bxc3 $1 $19 23. bxc3 Ba3 24. Rb1 Qd6 25. Qd2 Rc7 26. Bf1 Ba4 27. Ng2 Rfc8 28. c4 $2 (28. Re3 $17 {ist der einzige Weg für Weiss..}) 28... Bb4 29. Rxb4 Qxb4 30. Qxb4 axb4 31. Rb1 Rb8 32. Ne3 b3 33. axb3 Rxb3 34. Ra1 $2 (34. Rxb3 Bxb3 35. d5) 34... Rxe3 35. Rxa4 {[%mdl 4096] Endspiel KTT-KTL} Rb7 36. c5 (36. Ra8+ $142 Kf7 37. Ra2) 36... Rc3 37. Rc4 Rbb3 $2 ({Lieber} 37... Rxc4 $19 38. Bxc4 Kf7) 38. c6 $11 {Schwarz muss nun c7 beachten.} Rxc4 39. Bxc4 Rc3 40. Bxe6+ Kf8 41. d5 Ke7 42. Bxf5 e3 {Droht ...Tc1+ und aus.} 43. Bxh7 $2 {[%mdl 8192] [#]} (43. Kf1 $11) 43... Rc1+ {[%mdl 32768] Precision: Weiß = 22%, Schwarz = 74%. . Loss on Time!?} 0-1

[Event "NOR-ch Clubs 2017"]
[Site "Kristiansund"]
[Date "2017.10.21"]
[Round "2"]
[White "Eliseev, Sergey"]
[Black "Darnell, Anton"]
[Result "0-1"]
[WhiteElo "1570"]
[BlackElo "2078"]
[Annotator "NA RC"]
[PlyCount "40"]
[EventDate "2017.??.??"]
[EventType "team-tourn"]
[EventCountry "NOR"]
[SourceTitle "playchess.com"]
[Source "ChessBase"]
[SourceQuality "1"]
[TimeControl "40/5400:1800"]

{[%evp 8,40,-3,-3,1,-18,-7,-25,-10,-39,-27,-31,-24,-57,0,-38,0,-77,-26,-81,-87,-93,-82,-125,-111,-215,-167,-209,-184,-261,-203,-353,-364,-387,-410]} 1. e4 {[%emt 0:00:02]} e6 {[%emt 0:00:29]} 2. d3 {[%emt 0:00:07]} c5 {[%emt 0:01:09]} 3. Nf3 {[%emt 0:00:21]} d5 {[%emt 0:00:52]} 4. Qe2 {[%emt 0:00:07]} Nf6 {[%emt 0:06:31]} 5. g3 {[%emt 0:00:07]} Nc6 {[%emt 0:00:28]} 6. Bg2 {[%emt 0:00:08]} Be7 {[%emt 0:00:28] LiveBook: 717 Games} 7. e5 {[%emt 0:00:33] C00: French: Unusual White 2nd moves} (7. O-O b5 8. exd5 exd5 9. d4 c4 10. Be3 Bg4 11. h3 Bxf3 12. Qxf3 Qb6 13. Nc3 Rd8 14. g4 b4 15. Ne2 h5 {1-0 (32) McShane,L (2674)-Caruana,F (2796) Las Vegas 2015}) 7... Nd7 {[%emt 0:00:29]} 8. h4 {[%emt 0:00:50]} Qc7 {[%emt 0:02:39]} 9. Bf4 $1 {[%emt 0:00:11]} b5 {[%emt 0:00:44]} 10. b3 $146 {[%emt 0:01:15]} ({Predecessor:} 10. c3 a5 11. O-O Ba6 12. Re1 h6 {½-½ (34) Cherniaev,A (2491)-Macak,S (2361) Sunningdale 2008}) 10... a5 {[%emt 0:04:00]} 11. O-O {[%emt 0:01:24]} O-O {[%emt 0:00:38]} 12. Nbd2 {[%emt 0:01:18]} (12. c4 $11 dxc4 13. dxc4) 12... Bb7 {[%emt 0:03:31]} 13. Rfe1 {[%emt 0:04:02]} (13. c4 $11 bxc4 14. bxc4) 13... a4 {[%emt 0:03:54]} 14. c4 {[%emt 0:09:52]} Nb4 {[%emt 0:09:01]} 15. Rec1 {[%emt 0:03:13]} axb3 {[%emt 0:02:13]} 16. Nxb3 {[%emt 0:06:29]} (16. axb3 $17 Na2 17. Re1) 16... bxc4 {[%emt 0:02:38]} 17. dxc4 {[%emt 0:00:22]} dxc4 {[%emt 0:04:01]} 18. Qxc4 {[%emt 0:06:51]} (18. Nbd2 $142) 18... Nxa2 {[%emt 0:02:02]} 19. Rc2 {[%emt 0:00:20]} (19. Rcb1 $142) 19... Bd5 {[%emt 0:00:32]} 20. Qb5 {[%emt 0:07:43]} Rfb8 $19 {[%emt 0:02:07]} 0-1